<?xml version="1.0" encoding="UTF-8"?>
<record
    xmlns:xsi="http://www.w3.org/2001/XMLSchema-instance"
    xsi:schemaLocation="http://www.loc.gov/MARC21/slim http://www.loc.gov/standards/marcxml/schema/MARC21slim.xsd"
    xmlns="http://www.loc.gov/MARC21/slim">

  <leader>03285njm a2200493Ia 4500</leader>
  <controlfield tag="001">73741</controlfield>
  <controlfield tag="003">IT-RoPAU</controlfield>
  <controlfield tag="005">20220918181135.0</controlfield>
  <controlfield tag="008">131025s9999    xx            000 0 und d</controlfield>
  <datafield tag="040" ind1=" " ind2=" ">
    <subfield code="a">IT-RoPAU</subfield>
  </datafield>
  <datafield tag="040" ind1=" " ind2=" ">
    <subfield code="c">IT-RoPAU</subfield>
  </datafield>
  <datafield tag="999" ind1=" " ind2=" ">
    <subfield code="c">100834</subfield>
    <subfield code="d">100834</subfield>
  </datafield>
  <datafield tag="999" ind1=" " ind2=" ">
    <subfield code="b">n.d.</subfield>
  </datafield>
  <datafield tag="100" ind1=" " ind2=" ">
    <subfield code="a">Parker Charlie (B.)</subfield>
    <subfield code="9">11909</subfield>
  </datafield>
  <datafield tag="100" ind1=" " ind2=" ">
    <subfield code="e">Autore musica</subfield>
    <subfield code="9">25149</subfield>
  </datafield>
  <datafield tag="100" ind1=" " ind2=" ">
    <subfield code="g">Codice autore musica SPICS: 10799</subfield>
    <subfield code="9">11911</subfield>
  </datafield>
  <datafield tag="245" ind1=" " ind2=" ">
    <subfield code="a">Charlie Parker: "Bird com'era" (Lp musica jazz 2 Mjp 1066)</subfield>
  </datafield>
  <datafield tag="250" ind1=" " ind2=" ">
    <subfield code="a">2a ed.</subfield>
  </datafield>
  <datafield tag="260" ind1=" " ind2=" ">
    <subfield code="a">MILANO</subfield>
  </datafield>
  <datafield tag="260" ind1=" " ind2=" ">
    <subfield code="b">RUSCONI</subfield>
    <subfield code="c">1988 [1a Ed.:1988]</subfield>
  </datafield>
  <datafield tag="300" ind1=" " ind2=" ">
    <subfield code="a">DISCO</subfield>
  </datafield>
  <datafield tag="300" ind1=" " ind2=" ">
    <subfield code="c">45 minuti (Testo: 0 pag.)</subfield>
  </datafield>
  <datafield tag="500" ind1=" " ind2=" ">
    <subfield code="a">Musica jazz. Disco fuori commercio allegato al n. 11 '88 di "Musica jazz"</subfield>
  </datafield>
  <datafield tag="505" ind1=" " ind2=" ">
    <subfield code="a">Now's the Time [(New York, 26 novembre 1945) (4:00)] - Koko [(New York, 26 novembre 1945) (3:00)] - Moose the Mooche [(Hollywood, 28 marzo 1946) (3:00)] - Lover Man [(Hollywood, 29 luglio 1946) (4:00)] - Parker's Mood [(New York, 18 settembre 1948) (4:00)] - Ornithology [(Birdland, New York, 30 giugno 1950) (8:00)] - April In Paris [(New York, 30 novembre 1949) (4:00)] - This Time the Dream's On Me (4:00) - Cool Blues (4:00) - Laura (4:00) - Lester Leaps In [(Rockland Palace, New York, 26 settembre 1952) (5:00)]</subfield>
  </datafield>
  <datafield tag="511" ind1=" " ind2=" ">
    <subfield code="a">Davis Miles: tr; Parker Charlie: alto; Gillespie Dizzy: p; Russell Curty: cb; Roach Max: batt</subfield>
  </datafield>
  <datafield tag="511" ind1=" " ind2=" ">
    <subfield code="a">Parker Charlie: alto; Gillespie Dizzy: p, tr; Russell Curty: cb; Roach Max: batt</subfield>
  </datafield>
  <datafield tag="511" ind1=" " ind2=" ">
    <subfield code="a">Davis Miles: tr; Parker Charlie: alto; Thompson Lucky: ten; Marmarosa Dodo: p; McMillan Vic: cb; Porter Ray: batt</subfield>
  </datafield>
  <datafield tag="511" ind1=" " ind2=" ">
    <subfield code="a">McGhee Howard: tr; Parker Charlie: alto; Bunn Jimmy: p; Kesterson Bob: cb; Porter Roy: batt</subfield>
  </datafield>
  <datafield tag="511" ind1=" " ind2=" ">
    <subfield code="a">Parker Charlie: alto; Lewis John: p; Russell Curly: cb; Roach Max: batt</subfield>
  </datafield>
  <datafield tag="511" ind1=" " ind2=" ">
    <subfield code="a">Navarro Fats: tr; Parker Charlie: alto; Powell Bud: p; Russell Curly: cb; Blakey Art: batt</subfield>
  </datafield>
  <datafield tag="511" ind1=" " ind2=" ">
    <subfield code="a">Parker Charlie: alto; Miller Mitch: oboe; Gimpel Bronislaw: viol; Hollander Gimpel: viol; Lomask Milton: viol; Brieff Frank: viola; Miller Frank: cello; Rosen Meyer: arpa; Freeman Stan: p; Brown Ray: cb; Rich Budd: batt; Carroll Jimmy: dir</subfield>
  </datafield>
  <datafield tag="511" ind1=" " ind2=" ">
    <subfield code="a">Parker Charlie: alto; Bishop Walter Jr: p; Lowe Mundell: chit; Kotick Teddy: cb; Roach Max: batt</subfield>
  </datafield>
  <datafield tag="650" ind1=" " ind2=" ">
    <subfield code="a">JAZZ [DISCHI]</subfield>
    <subfield code="e">Codice MATERIA SPICS: 9950</subfield>
    <subfield code="9">25150</subfield>
  </datafield>
  <datafield tag="700" ind1=" " ind2=" ">
    <subfield code="a">Parker Charlie (B.)</subfield>
    <subfield code="g">Codice interprete SPICS: 10799</subfield>
    <subfield code="9">25151</subfield>
    <subfield code="e">interprete</subfield>
  </datafield>
  <datafield tag="700" ind1=" " ind2=" ">
    <subfield code="a">Sherman</subfield>
    <subfield code="g">Codice autore musica SPICS: 24140</subfield>
    <subfield code="e">Autore musica</subfield>
    <subfield code="p">Lover Man</subfield>
    <subfield code="9">25152</subfield>
  </datafield>
  <datafield tag="700" ind1=" " ind2=" ">
    <subfield code="a">Ramirez</subfield>
    <subfield code="g">Codice autore SPICS: 20479</subfield>
    <subfield code="e">Autore</subfield>
    <subfield code="p">Lover Man</subfield>
    <subfield code="9">25153</subfield>
  </datafield>
  <datafield tag="700" ind1=" " ind2=" ">
    <subfield code="a">Harris </subfield>
    <subfield code="g">Codice autore musica SPICS: 20456</subfield>
    <subfield code="e">Autore musica</subfield>
    <subfield code="p">Ornithology</subfield>
    <subfield code="9">25154</subfield>
  </datafield>
  <datafield tag="700" ind1=" " ind2=" ">
    <subfield code="a">Duke Vernon</subfield>
    <subfield code="g">Codice autore musica SPICS: 16363</subfield>
    <subfield code="e">Autore musica</subfield>
    <subfield code="p">April In Paris</subfield>
    <subfield code="9">25155</subfield>
  </datafield>
  <datafield tag="700" ind1=" " ind2=" ">
    <subfield code="a">Harburg E. Y.</subfield>
    <subfield code="g">Codice autore SPICS: 15671</subfield>
    <subfield code="e">Autore</subfield>
    <subfield code="p">April In Paris</subfield>
    <subfield code="9">25156</subfield>
  </datafield>
  <datafield tag="700" ind1=" " ind2=" ">
    <subfield code="a">Arlen Harold</subfield>
    <subfield code="g">Codice autore musica SPICS: 13025</subfield>
    <subfield code="e">Autore musica</subfield>
    <subfield code="p">This Time the Dream's On Me</subfield>
    <subfield code="9">25157</subfield>
  </datafield>
  <datafield tag="700" ind1=" " ind2=" ">
    <subfield code="a">Mercer Johnny</subfield>
    <subfield code="g">Codice autore SPICS: 18100</subfield>
    <subfield code="e">Autore</subfield>
    <subfield code="p">This Time the Dream's On Me - Laura</subfield>
    <subfield code="9">25158</subfield>
  </datafield>
  <datafield tag="700" ind1=" " ind2=" ">
    <subfield code="a">Raksin David</subfield>
    <subfield code="g">Codice autore SPICS: 22536</subfield>
    <subfield code="e">Autore</subfield>
    <subfield code="p">Laura</subfield>
    <subfield code="9">25159</subfield>
  </datafield>
  <datafield tag="700" ind1=" " ind2=" ">
    <subfield code="a">Young Lester</subfield>
    <subfield code="g">Codice autore musica SPICS: 13036</subfield>
    <subfield code="e">Autore musica</subfield>
    <subfield code="p">Lester Leaps In</subfield>
    <subfield code="9">25160</subfield>
  </datafield>
  <datafield tag="942" ind1=" " ind2=" ">
    <subfield code="c">MD</subfield>
    <subfield code="2">ddc</subfield>
  </datafield>
  <datafield tag="952" ind1=" " ind2=" ">
    <subfield code="0">0</subfield>
    <subfield code="1">0</subfield>
    <subfield code="4">0</subfield>
    <subfield code="6">73741_000000000000000</subfield>
    <subfield code="7">1</subfield>
    <subfield code="a">SPICS</subfield>
    <subfield code="b">SPICS</subfield>
    <subfield code="d">2013-10-25</subfield>
    <subfield code="l">0</subfield>
    <subfield code="o">73741</subfield>
    <subfield code="r">2013-10-25 00:00:00</subfield>
    <subfield code="w">2013-10-25</subfield>
    <subfield code="y">MD</subfield>
    <subfield code="z">Progr. Ins.: 17806 / N.Vol.: 1 / Copie: 1 - Copia rara: n.d. / date import: 01.01.2014 - By Epidotti, Trombetti, Vaglietti</subfield>
  </datafield>
</record>
